1531 1014 1721 1279 1632 1163 1592 1219 1510 1525 1797 1575 1327 1447 1727 1201 1973 1201 1024 1047 1050 1161 1142 1229 1618 1512 1736 1917 1508 1445 1770 1494 1863 1435 1176 1544 1693 1869 1086 1489 1852 1119 1088 1649 1399 1832 1741 1910 1021 1490 1826 1424 1740 1355 1390 1530 1845 1828 1685 1529 1571 1251 1687 1915 1505 1906 1438 1851 1622 1003 1048 1253 1183 1826 1559 1952 1716 1440 1364 1111 1759 1201 1347 1376 1256 1982 1914 1198 1317 1964 1378 1004 1118 1498 1800 1352 1627 1757 1604 BCNSPRNW ULIB Ver.6.0+V

เปลี่ยนเป็นภาษาไทย

Change to English
 แสดงรายละเอียดบรรณานุกรม
  กลับหน้าหลัก

Brief Record : Get Marc (ISO 2709) : E-mail record : QR code < ปิดหน้าต่าง
LEADER : 00000nam 2200000uu 4500
001    13399120773
003     ULIB
008    110706s2550||||th 000 0 tha d
020    9789741338214
090    นว.^bต181ส
100 0  ตรี อภิรุณ
245 00 สัมภเวสี/^cตรี อภิรุณ
260    กรุงเทพฯ :^bอุทยานความรู้,^c2550
300    608 หน้า
945    ^p390^l0^i15032
995    ทศพร
999    ^aใช้งานได้ทุกระบบ
รายการนี้ยังไม่มีแท็ก
คุณยังไม่ได้ล็อกอิน คุณสามารถมีกิจกรรมร่วมกับเว็บไซต์ได้ แต่ต้องล็อกอินก่อน ::
  ล็อกอิน

รายการสื่อสารสนเทศ

ลำดับที่ ประเภท เลขเรียก/บาร์โค้ด สถานที่ สถานะ
1. นวนิยาย
นวนิยาย
นว. ต181ส ฉ.1 
  Barcode: 15032
ห้องสมุดวิทยาเขตสวรรค์ประชารักษ์
►หนังสือทั่วไป
บนชั้น

BibComment


ยังไม่เคยถูกคอมเมนท์

คอมเมนท์ทรัพยากรรายการนี้
  คอมเมนท์: สัมภเวสี ตรี อภิรุณ


 Copyright 2026. Bcnsprnw @Library